000 00613nam a2200217Ia 4500
003 OSt
005 20220926045030.0
006 a|||||r|||| 00| 0
007 ta
008 220923b |||||||| |||| 00| 0 eng d
037 _cGeneral Book
040 _aRTL
_cRTL
_beng
041 _2eng
_aeng
082 _aY:5sn2:M8, L2
110 _aIndia, Registrar General And Census (Commissioner)
_9349782
245 0 _aCensus of India 1971
260 _c1972
700 _aIndia, Registrar General And Census (Commissioner)
_9349783
942 _hY:5sn2:M8, L2
_cGB
_2CC
999 _c676516
_d676516